LEADER 01273nam a2200301 i 4500 001 000000040972 003 CaOOAMICUS 005 20030520000000.0 008 030520s1993 it u000 u ita u 013 $a12142 020 $a88-7105-025-8 040 $aSeMil$bita 100 1 $aPersico, Elena : da,$c.$0(OLS)http://semarc/name/20108 245 10$aDiario /$cElena da Persico ; nota introduttiva di Dora Castenetto ; Testo a cura di Daniela Mazzucconi. 260 $aMilano :$bGlossa,$ccopyr. 1993. 300 $a440 p. ;$c21 cm. 490 0 $aContemplatio [Glossa] ;$v7 500 $aContiene : Nota biografica ; Tavola cronologica. 650 4$aSpiritualitā.$0(OLS)http://semarc/subject/5428 700 1 $aMazzucconi, Daniela.$0(OLS)http://semarc/name/20109 700 1 $aCastenetto, Dora.$0(OLS)http://semarc/name/14182 830 0$aContemplatio ;$v7.$0(OLS)http://semarc/title/147 850 $aSeMil 852 $aSeMil$W1$xVenegono$y1$m2KA E 7$j230721$B7127$CSeMilBibl$Z2$F7127 $81 961 $aOmaggio: Collegio S. Ambrogio 996 $6020$a88-7105-025-8$9(OLS)http://semarc/number/11484 996 $6245$aDiario$9(OLS)http://semarc/title/8986 996 $6260$aMilano :$bGlossa$9(OLS)http://semarc/publisher/29635 LEADER 01266nam a2200277 i 4500 001 000000046848 003 CaOOAMICUS 005 20251224101601.0 008 120321s1963 it u000 u ita u 013 $a18018 040 $aSeMil$bita 100 1 $aPhilippe, Paul,$c.$0(OLS)http://semarc/name/23296 245 12$aI fini della vita religiosa :$bsecondo S. Tommaso /$cS.E. Mons. Paolo Philippe ; con presentazione di Sua Em. il Cardinale Valerio Valeri. 264 1$aMilano :$bĀncora ;$aRoma :$bCentro Studi USMI,$c1963. 300 $a94 p. ;$c20 cm. 490 0 $aStudi e sussidi 600 04$aTommaso : d'Aquino .$0(OLS)http://semarc/subject/115 650 4$aVita religiosa.$0(OLS)http://semarc/subject/5429 700 1 $aValeri, Valerio,$c.$0(OLS)http://semarc/name/11935 830 0$aStudi e sussidi.$0(OLS)http://semarc/title/10298 850 $aSeMil 852 $aSeMil$W1$xVenegono$y1$m2C II 326$j13003$B13003$CSeMilBibl$Z2$F13003 $81 996 $6245$aI fini della vita religiosa :$bsecondo S. Tommaso$9(OLS)http://semarc/title/70265 996 $6264$aMilano :$bĀncora$9(OLS)http://semarc/publisher/29763 996 $6264$aRoma :$bCentro Studi USMI$9(OLS)http://semarc/publisher/32109